[Event "Frankfurt Ch 2012"]
[Site "Ffm-Kalbach, LAZ"]
[Date "2012.06.04"]
[Round "5.1"]
[White "Meister, Peter"]
[Black "Mayer, Andreas"]
[Result "1/2-1/2"]
[WhiteElo "1406"]
[BlackElo "1360"]
[PlyCount "82"]
[EventDate "2012.??.??"]
[WhiteTeam "Sfr. Frankfurt 1921"]
[BlackTeam "Sfr. Frankfurt 1921"]

1. d4 c6 2. c4 d5 3. Nc3 Nf6 4. Nf3 dxc4 5. Bg5 b5 6. g3 h6 7. Bd2 Bf5 8. Bg2
Nd5 9. Nh4 Nxc3 10. bxc3 Bh7 11. O-O Qb6 12. Re1 Nd7 13. Nf3 Be4 14. Be3 Qb7
15. Nh4 Nf6 16. Bxe4 Nxe4 17. Qc2 Nf6 18. Nf3 e6 19. Rad1 Be7 20. Ne5 O-O 21.
Rf1 Nd5 22. Qd2 Nxe3 23. Qxe3 Qc7 24. f4 Bd6 25. Qe4 Bxe5 26. fxe5 a5 27. Rf4
Ra7 28. Rdf1 b4 29. cxb4 axb4 30. Qb1 Qb7 31. Rg4 Rfa8 32. Qc1 Kf8 33. Qxc4 Qd7
34. Qxb4+ Kg8 35. Qd2 Rxa2 36. Qxh6 Qxd4+ 37. Rxd4 gxh6 38. Rf2 R8a7 39. Rd8+
Kg7 40. e4 Rxf2 41. Kxf2 Ra5 1/2-1/2

[Event "Frankfurt Ch 2012"]
[Site "Ffm-Kalbach, LAZ"]
[Date "2012.06.04"]
[Round "5.2"]
[White "Neuhaus, Joachim"]
[Black "Hartmann, Stephan"]
[Result "0-1"]
[WhiteElo "1446"]
[BlackElo "1403"]
[PlyCount "88"]
[EventDate "2012.??.??"]
[WhiteTeam "SC 1933 Somborn"]
[BlackTeam "SG Turm Idstein"]

1. e4 e5 2. Nf3 Nc6 3. Bb5 d6 4. Bxc6+ bxc6 5. d4 exd4 6. Qxd4 c5 7. Qd1 Bg4 8.
Nc3 c6 9. h3 Bh5 10. b3 Qf6 11. Bb2 Bxf3 12. gxf3 Qe6 13. Qe2 Nf6 14. O-O-O Be7
15. Qa6 Qc8 16. Qd3 O-O 17. f4 Rd8 18. Qf3 Qa6 19. Rhg1 c4 20. Qe2 Rd7 21. e5
dxe5 22. fxe5 Rxd1+ 23. Nxd1 Nd5 24. Qxc4 Qxc4 25. bxc4 Nf4 26. Rg4 Ne6 27. f4
h5 28. Rg3 Nxf4 29. Re3 Bg5 30. Kb1 Rd8 31. Nf2 Ne6 32. Rd3 Rxd3 33. cxd3 Bh4
34. Ne4 Nf4 35. d4 Nxh3 36. d5 cxd5 37. cxd5 Nf4 38. d6 Ne6 39. Bc1 Kf8 40. Be3
a6 41. Nc5 Nxc5 42. Bxc5 Ke8 43. Kc2 Bg3 44. Bd4 h4 0-1

[Event "Frankfurt Ch 2012"]
[Site "Ffm-Kalbach, LAZ"]
[Date "2012.06.04"]
[Round "5.3"]
[White "Scheerer, Michael"]
[Black "Weber, Samuel"]
[Result "0-1"]
[WhiteElo "1421"]
[BlackElo "1328"]
[PlyCount "63"]
[EventDate "2012.??.??"]
[WhiteTeam "Sfr. Frankfurt 1921"]
[BlackTeam "SC Flörsheim 1921"]

1. e4 c5 2. Nf3 Nc6 3. d4 cxd4 4. Nxd4 Nf6 5. Nc3 e5 6. Ndb5 d6 7. f3 a6 8. Na3
b5 9. Nd5 Nxd5 10. Qxd5 Qc7 11. Be3 Be6 12. Qd2 Be7 13. Bd3 O-O 14. O-O Rad8
15. Qf2 Rb8 16. c3 d5 17. exd5 Bxd5 18. c4 bxc4 19. Nxc4 Bxc4 20. Bxc4 Qa5 21.
Bb3 Nd4 22. Bxd4 exd4 23. Rad1 Bc5 24. Qd2 Qb5 25. Qd3 Qxd3 26. Rxd3 Rfe8 27.
Kf2 Re3 28. Rfd1 Rbe8 29. Rxe3 Rxe3 30. Re1 Rxe1 31. Kxe1 Kf8 32. Bc4 0-1

[Event "Frankfurt Ch 2012"]
[Site "Ffm-Kalbach, LAZ"]
[Date "2012.05.30"]
[Round "5.4"]
[White "Mongi, Mario"]
[Black "Wöhl, Torsten"]
[Result "1-0"]
[WhiteElo "1343"]
[BlackElo "1659"]
[PlyCount "53"]
[EventDate "2012.??.??"]
[WhiteTeam "Sfr. Frankfurt 1921"]
[BlackTeam "SC Groß-Zimmern"]

1. c4 g6 2. g3 Bg7 3. Bg2 c6 4. Nf3 Nf6 5. O-O d5 6. cxd5 Nxd5 7. Nc3 Bf6 8.
Ne4 Bf5 9. Nxf6+ Nxf6 10. b4 Nbd7 11. Bb2 O-O 12. d3 Qb6 13. Qd2 a5 14. Nd4
Qxb4 15. Bc3 Qc5 16. Rfc1 Nb6 17. Rab1 Bd7 18. Ba1 Qh5 19. Rxb6 Bh3 20. Nf3
Bxg2 21. Kxg2 Ra7 22. Qb2 Qd5 23. Rxb7 Rxb7 24. Qxb7 g5 25. Qxe7 Nh5 26. Rc5
Qe6 27. Rxg5+ 1-0

[Event "Frankfurt Ch 2012"]
[Site "Ffm-Kalbach, LAZ"]
[Date "2012.06.04"]
[Round "5.5"]
[White "Leßmann, Sven"]
[Black "Lopez Fuertes, Victor"]
[Result "0-1"]
[WhiteElo "1320"]
[BlackElo "1778"]
[PlyCount "126"]
[EventDate "2012.??.??"]
[WhiteTeam "SC Bad Soden"]
[BlackTeam "SC 1910 Höchst"]

1. d4 d5 2. Nf3 Nf6 3. c4 Nc6 4. Nc3 e6 5. Bg5 Be7 6. e3 O-O 7. Bd3 dxc4 8.
Bxc4 Nd5 9. Bxe7 Ncxe7 10. O-O Nxc3 11. bxc3 b6 12. Re1 Bb7 13. Ne5 Ng6 14.
Nxg6 hxg6 15. Qg4 Bd5 16. Bd3 Qd6 17. e4 Bc6 18. Re3 e5 19. d5 Bd7 20. Qh4 f5
21. exf5 Bxf5 22. c4 Bxd3 23. Rxd3 Rf4 24. Qg3 Rxc4 25. Qg5 Rf8 26. Rg3 Rf6 27.
Qd2 Rd4 28. Qc2 Rxd5 29. Qa4 b5 30. Qg4 Rd4 31. Qe2 Rd2 32. Qf1 a6 33. Rf3 Rxf3
34. gxf3 c5 35. Qh3 Kf7 36. Qg3 Rd1+ 37. Rxd1 Qxd1+ 38. Kg2 Qd5 39. Qh3 Qc6 40.
Qg3 Qc7 41. Qg4 c4 42. Qe4 Ke6 43. Qg4+ Kf7 44. Qe4 Qd6 45. Qc2 Qd3 46. Qb2 Qd6
47. Qc3 Ke6 48. Qe1 b4 49. Qe4 c3 50. Qxg6+ Kd5 51. Qd3+ Kc5 52. Qf5 Kb5 53.
Qe4 Kb6 54. Kf1 a5 55. Qc4 Qc6 56. Qxc6+ Kxc6 57. Ke2 Kd6 58. Kd3 Ke6 59. Kc2
Kf5 60. a3 Kf4 61. h4 Kxf3 62. Kd3 e4+ 63. Kc2 Kxf2 0-1

[Event "Frankfurt Ch 2012"]
[Site "Ffm-Kalbach, LAZ"]
[Date "2012.06.04"]
[Round "5.6"]
[White "Urbach, Jens"]
[Black "Paulicks, Frank"]
[Result "0-1"]
[WhiteElo "1586"]
[BlackElo "1107"]
[PlyCount "30"]
[EventDate "2012.??.??"]
[WhiteTeam "Sfr. Frankfurt 1921"]
[BlackTeam "SV Oberhessen Echzell e.V."]

1. e4 c5 2. Nf3 Nc6 3. d4 cxd4 4. Nxd4 Nf6 5. Nxc6 bxc6 6. e5 Qa5+ 7. Nc3 Qxe5+
8. Be2 g6 9. O-O Bg7 10. Re1 Qc7 11. Bf3 e6 12. Nb5 Qb6 13. Nd6+ Kf8 14. Nxc8
Rxc8 15. Qxd7 Nxd7 0-1

[Event "Frankfurt Ch 2012"]
[Site "Ffm-Kalbach, LAZ"]
[Date "2012.06.04"]
[Round "5.8"]
[White "Hollmann, Leon"]
[Black "Krüger, Manfred"]
[Result "1-0"]
[WhiteElo "1077"]
[BlackElo "1645"]
[PlyCount "91"]
[EventDate "2012.??.??"]
[WhiteTeam "SV 1920 Hofheim"]
[BlackTeam "SAbt Niederräder TG"]

1. e4 e5 2. Bc4 Be7 3. Nf3 Nc6 4. d3 d6 5. c3 Bf6 6. O-O Nge7 7. Re1 O-O 8.
Nbd2 Na5 9. Bb5 a6 10. Ba4 b5 11. Bc2 Rb8 12. b4 Nb7 13. Nf1 Ng6 14. Ng3 Bg4
15. h3 Bd7 16. Nh5 Be7 17. Bb3 c5 18. a3 Rc8 19. Qe2 a5 20. Bd5 Rc7 21. Bd2
cxb4 22. cxb4 axb4 23. Bxb4 Qb8 24. Rec1 Rfc8 25. Qb2 Nc5 26. Bxc5 dxc5 27.
Nxe5 Nxe5 28. Qxe5 Bf8 29. Qf4 Be8 30. Qg3 Qb6 31. Qe3 g6 32. Ng3 Bg7 33. Ra2
Bd4 34. Qf3 Rd8 35. Ne2 Be5 36. Qe3 Rd6 37. f4 Bg7 38. Kh1 Bh6 39. Rac2 Re7 40.
Qxc5 Qb8 41. Qc8 Qa7 42. Rc7 Rxc7 43. Rxc7 Qa4 44. Qxe8+ Kg7 45. Qxf7+ Kh8 46.
Qg8# 1-0

[Event "Frankfurt Ch 2012"]
[Site "Ffm-Kalbach, LAZ"]
[Date "2012.06.04"]
[Round "5.9"]
[White "Wachter, Peter"]
[Black "Manasek, Martin"]
[Result "1/2-1/2"]
[WhiteElo "786"]
[BlackElo "1287"]
[PlyCount "120"]
[EventDate "2012.??.??"]
[WhiteTeam "Bad Vilbeler Sfr.1985"]
[BlackTeam "Bad Vilbeler Sfr.1985"]

1. d4 d5 2. Nf3 Nf6 3. Bg5 e6 4. e3 Be7 5. Ne5 O-O 6. c4 c5 7. cxd5 Nxd5 8.
Bxe7 Qxe7 9. Be2 cxd4 10. Qxd4 Nc6 11. Nxc6 bxc6 12. O-O Bb7 13. a3 Rfd8 14.
Qg4 Nf6 15. Qh4 Rd5 16. Nc3 Rd7 17. Rad1 Nd5 18. Qxe7 Rxe7 19. Ne4 Rd8 20. Nc5
Rde8 21. Rd2 f5 22. Nd3 e5 23. Nc5 Ba8 24. Bc4 Kh8 25. Rfd1 g6 26. e4 fxe4 27.
Nxe4 Kg7 28. g3 h6 29. Rd3 g5 30. Rf3 Rf8 31. Rxf8 Kxf8 32. Rd3 Kg7 33. Nc3
Nxc3 34. Rxc3 Rd7 35. Rd3 Rd4 36. b3 c5 37. Kf1 e4 38. Re3 Kf6 39. Ke2 Ke5 40.
f3 Bd5 41. Bxd5 Kxd5 42. fxe4+ Rxe4 43. Kd2 a5 44. Rd3+ Rd4 45. Rxd4+ Kxd4 46.
h4 gxh4 47. gxh4 c4 48. b4 axb4 49. axb4 c3+ 50. Kc2 Kc4 51. b5 Kxb5 52. Kxc3
Kc5 53. Kd3 Kd5 54. Ke3 Ke5 55. Kf3 Kf5 56. Kg3 h5 57. Kf3 Ke5 58. Kg3 Ke4 59.
Kg2 Kf4 60. Kh3 Kf3 1/2-1/2

[Event "Frankfurt Ch 2012"]
[Site "Ffm-Kalbach, LAZ"]
[Date "2012.06.04"]
[Round "5.10"]
[White "Overkamp, Rüdiger"]
[Black "Anhalt, Klaus"]
[Result "0-1"]
[WhiteElo "1168"]
[BlackElo "1282"]
[PlyCount "132"]
[EventDate "2012.??.??"]
[WhiteTeam "SF Heidelberg"]
[BlackTeam "SK Bickenbach"]

1. e4 e5 2. Nc3 Bc5 3. Bb5 c6 4. Ba4 Nf6 5. Nf3 d6 6. d4 exd4 7. Nxd4 Bg4 8.
Qd3 Nbd7 9. f4 Qb6 10. Be3 Nb8 11. f5 Nbd7 12. h3 Ne5 13. Qf1 Bxd4 14. Bxd4
Qxd4 15. hxg4 Nexg4 16. Rd1 Qe3+ 17. Qe2 Qxe2+ 18. Kxe2 O-O-O 19. Rd4 Rhe8 20.
Kf3 Re5 21. Ne2 d5 22. exd5 Rxf5+ 23. Nf4 g5 24. c3 Rxf4+ 25. Rxf4 gxf4 26.
dxc6 Ne5+ 27. Kxf4 Nxc6 28. g4 Ne7 29. g5 Nfd5+ 30. Ke5 Rg8 31. Rg1 f6+ 32. Ke6
Rxg5 33. Rxg5 fxg5 34. Kd6 Kd8 35. c4 Nb6 36. Bb3 Nbc8+ 37. Ke5 b6 38. Bc2 h6
39. Bd1 Ng6+ 40. Kf6 Nce7 41. Bg4 Kc7 42. Kg7 Ne5 43. Kxh6 Nxg4+ 44. Kxg5 Ne3
45. b3 Kd6 46. Kf4 Nc2 47. Ke4 Kc5 48. Kd3 Ne1+ 49. Kc3 a5 50. a3 Nc6 51. b4+
axb4+ 52. axb4+ Nxb4 53. Kb3 Nf3 54. Kc3 Ne5 55. Kb3 Nbc6 56. Kc3 Na5 57. Kc2
Nexc4 58. Kc3 b5 59. Kc2 Kb4 60. Kb1 Ka4 61. Ka1 b4 62. Kb1 b3 63. Ka1 Kb4 64.
Kb1 Kc3 65. Kc1 Na3 66. Kd1 b2 0-1

[Event "Frankfurt Ch 2012"]
[Site "Ffm-Kalbach, LAZ"]
[Date "2012.06.04"]
[Round "5.11"]
[White "Lochmann, Tobias"]
[Black "Fredershausen, Kurt"]
[Result "0-1"]
[WhiteElo "730"]
[BlackElo "1168"]
[PlyCount "70"]
[EventDate "2012.??.??"]
[WhiteTeam "SV 1946 Groß-Gerau"]
[BlackTeam "SC Bad Soden"]

1. e4 e5 2. Nf3 Nf6 3. Bc4 d5 4. exd5 Nxd5 5. Nxe5 Be6 6. d3 c6 7. O-O Bd6 8.
Nf3 h6 9. Nbd2 b5 10. Bxd5 Bxd5 11. c4 Be6 12. Ne4 Be7 13. Bf4 O-O 14. cxb5
cxb5 15. Bxb8 Qxb8 16. h3 Qb6 17. d4 f5 18. Nc3 Rad8 19. d5 Bf7 20. Qd3 Bh5 21.
Rfe1 Bb4 22. a3 Bxc3 23. bxc3 Bxf3 24. Qxf3 Qc5 25. Qe2 Rxd5 26. Qe6+ Kh7 27.
h4 f4 28. h5 Rxh5 29. Qe4+ Kh8 30. Qf3 Re5 31. Rxe5 Qxe5 32. g3 Kh7 33. gxf4
Rxf4 34. Qe3 Rg4+ 35. Kh1 Qh5+ 0-1

[Event "Frankfurt Ch 2012"]
[Site "Ffm-Kalbach, LAZ"]
[Date "2012.06.04"]
[Round "5.12"]
[White "Blank, Martina"]
[Black "Dümmler, Rolf"]
[Result "0-1"]
[WhiteElo "821"]
[BlackElo "1438"]
[PlyCount "78"]
[EventDate "2012.??.??"]
[WhiteTeam "vereinslos"]
[BlackTeam "vereinslos"]

1. e4 e5 2. Nf3 Nc6 3. Bb5 a6 4. Ba4 Nf6 5. O-O b5 6. Bb3 Be7 7. Re1 O-O 8. c3
d6 9. h3 Bb7 10. d4 Na5 11. Bc2 exd4 12. cxd4 Nc6 13. Nbd2 Ne8 14. Nf1 Bf6 15.
Ng3 g6 16. Be3 Bg7 17. Qd2 Nf6 18. Bh6 Ne7 19. Bxg7 Kxg7 20. Nh2 Qd7 21. f3 c5
22. d5 Bc8 23. Ng4 Nxg4 24. hxg4 h6 25. Kf2 Qa7 26. Rh1 g5 27. Rh5 Ng6 28. Nf5+
Bxf5 29. exf5 Nf4 30. Qc3+ f6 31. Rah1 Nxh5 32. Rxh5 Rae8 33. f4 c4+ 34. Kf3
gxf4 35. Kxf4 Qf2+ 36. Qf3 Qd2+ 37. Kg3 Re3 38. g5 Rxf3+ 39. Kxf3 fxg5 0-1

[Event "Frankfurt Ch 2012"]
[Site "Ffm-Kalbach, LAZ"]
[Date "2012.06.04"]
[Round "5.13"]
[White "Peschk, Kathrin"]
[Black "Dröser, Wolfgang"]
[Result "1-0"]
[WhiteElo "905"]
[BlackElo "1263"]
[PlyCount "95"]
[EventDate "2012.??.??"]
[WhiteTeam "SV 1946 Groß-Gerau"]
[BlackTeam "Sfr. Frankfurt 1921"]

1. e4 d6 2. d4 g6 3. Nf3 Bg7 4. Bc4 e6 5. O-O Nf6 6. Nc3 c6 7. Re1 Qc7 8. Bf4
Nh5 9. Qd2 Nxf4 10. Qxf4 O-O 11. Qd2 f5 12. Ng5 d5 13. exd5 exd5 14. Bb3 h6 15.
Nf3 Kh7 16. Qe3 Bf6 17. Re2 b6 18. Rae1 Nd7 19. Ne5 Re8 20. Qg3 Nxe5 21. dxe5
Be7 22. e6 Qxg3 23. fxg3 Ba6 24. Rd2 Bc5+ 25. Kh1 Re7 26. a3 Bb7 27. Rde2 Rae8
28. Nd1 Kg7 29. Ne3 Rxe6 30. Nxf5+ Kf8 31. Rxe6 Rxe6 32. Rxe6 gxf5 33. Rxh6 Kg7
34. Rh4 Be7 35. Rf4 Kg6 36. c3 Bd6 37. Rf3 c5 38. Bc2 Bc8 39. h3 Kg5 40. Re3 f4
41. gxf4+ Bxf4 42. Re8 Bd7 43. Re7 Bb5 44. Rxa7 d4 45. cxd4 cxd4 46. Bd1 d3 47.
Rg7+ Kh4 48. Rg4+ 1-0

[Event "Frankfurt Ch 2012"]
[Site "Ffm-Kalbach, LAZ"]
[Date "2012.06.04"]
[Round "5.14"]
[White "Hartwig, Horst"]
[Black "Schreer, Maxima"]
[Result "1-0"]
[WhiteElo "1244"]
[BlackElo "745"]
[PlyCount "71"]
[EventDate "2012.??.??"]
[WhiteTeam "SAbt TuS Hausen"]
[BlackTeam "SV 1920 Hofheim"]

1. e4 e5 2. Nf3 Nc6 3. Bb5 Nf6 4. d3 d5 5. Nc3 dxe4 6. Bxc6+ bxc6 7. dxe4 Bb4
8. Qxd8+ Kxd8 9. Bd2 Bc5 10. h3 h6 11. Nxe5 Rf8 12. f4 Bd4 13. Nxc6+ Ke8 14.
Nxd4 c5 15. Nf5 Kd7 16. e5 Kc7 17. Nb5+ Kd8 18. O-O-O Bxf5 19. Ba5+ Kc8 20.
Nd6+ Kd7 21. Nxf5+ Kc6 22. exf6 gxf6 23. Rhe1 Kb5 24. Bc3 Rg8 25. g4 c4 26.
Rd5+ Kb6 27. Bxf6 h5 28. g5 Rac8 29. Rd6+ Kb5 30. Re5+ Rc5 31. Nd4+ Kb4 32. c3+
Ka4 33. Nc2 Rxe5 34. Bxe5 Kb5 35. Na3+ Ka4 36. Ra6# 1-0

[Event "Frankfurt Ch 2012"]
[Site "Ffm-Kalbach, LAZ"]
[Date "2012.06.04"]
[Round "5.15"]
[White "Paetzke, Arthur"]
[Black "Hirth, Heinrich"]
[Result "0-1"]
[WhiteElo "828"]
[BlackElo "1081"]
[PlyCount "146"]
[EventDate "2012.??.??"]
[WhiteTeam "SV Oberursel"]
[BlackTeam "SAbt TuS Hausen"]

1. e4 e5 2. Bc4 d6 3. Nc3 c6 4. Nf3 h6 5. O-O Nf6 6. d3 Be7 7. Be3 O-O 8. Qe2
b5 9. Bb3 Ng4 10. h3 Nxe3 11. Qxe3 Kh8 12. Rad1 f5 13. exf5 Rxf5 14. g4 Rf4 15.
d4 Qf8 16. Rd3 exd4 17. Rxd4 Rxf3 18. Qd2 Rxh3 19. Rf4 Qd8 20. f3 Bg5 21. Bf7
Bxf4 22. Qxf4 Qf6 23. Qxf6 gxf6 24. Re1 Bd7 25. Kg2 Rh4 26. Ne4 Kg7 27. Nxd6
Na6 28. Re7 Bxg4 29. fxg4 Rxg4+ 30. Kf3 h5 31. Bxh5+ Kf8 32. Rf7+ Kg8 33. Bxg4
Nc5 34. b4 Na4 35. Be6 Nc3 36. Rxa7+ Kf8 37. Rxa8+ Ke7 38. Re8+ Kxd6 39. a3 Nb1
40. Kf4 Nxa3 41. c3 Nb1 42. Kf5 Nxc3 43. Kxf6 Na2 44. Rd8+ Kc7 45. Rd4 Nc3 46.
Rd7+ Kb6 47. Rd3 Na4 48. Bc8 Kc7 49. Bg4 Nb6 50. Ke7 Nd5+ 51. Kf7 Nxb4 52. Rd7+
Kb6 53. Ke8 Nd5 54. Rf7 b4 55. Bc8 Kc5 56. Ba6 Nb6 57. Rf5+ Kd4 58. Rf3 Nd5 59.
Rd3+ Kc5 60. Kd7 Nb6+ 61. Ke6 Nc4 62. Bxc4 Kxc4 63. Rh3 b3 64. Kd6 c5 65. Ke5
Kb4 66. Ke4 Ka3 67. Rd3 Ka2 68. Ke3 b2 69. Rd1 c4 70. Kd4 Kb3 71. Rb1 c3 72.
Rd1 c2 73. Rd3+ Ka2 0-1